[Event "Regionalliga SW 0405"]
[Site "Bayern"]
[Date "2005.04.10"]
[Round "9.8"]
[White "Barskiy, Vitaliy"]
[Black "Weinberger, Wolfgang"]
[Result "1-0"]
[WhiteElo "1719"]
[BlackElo "2018"]
[PlyCount "24"]
[EventDate "2004.10.24"]
[EventType "team-tourn"]
[EventRounds "9"]
[EventCountry "GER"]
[SourceTitle "EXT 2007"]
[Source "ChessBase"]
[SourceDate "2006.11.23"]
[SourceVersion "1"]
[SourceVersionDate "2006.11.23"]
[SourceQuality "1"]
[WhiteTeam "Haunstetten"]
[BlackTeam "Garching"]
[WhiteTeamCountry "GER"]
[BlackTeamCountry "GER"]

1. e4 e6 2. Nf3 d5 3. exd5 exd5 4. d4 Bd6 5. Bd3 Ne7 6. Ng5 Ng6 7. Qh5 Qf6 8. 0-0 h6 9. Re1+ Be7 10. Nxf7 Kxf7 11. Bxg6+ Qxg6 12. Rxe7+ Kxe7 1-0